书目信息 |
| 题名: |
古今事物考
|
|
| 作者: | 王三聘 辑 ;胡文焕 校 | |
| 分册: | ||
| 出版信息: | 北京 团结出版社 1993.11 |
|
| 页数: | 2册(1094页) | |
| 开本: | 20厘米 | |
| 丛书名: | 辞书集成 | |
| 单 册: | ||
| 中图分类: | H16-51 , Z224 , Z1 | |
| 科图分类: | 41.25081 | |
| 主题词: | 百科全书--中国--明代 , 丛书 | |
| 电子资源: | ||
| ISBN: | 7-80061-683-5 | |
| 000 | 00871nam0 2200301 45 | |
| 001 | 1573969748 | |
| 005 | 20150117203409.28 | |
| 010 | @a7-80061-683-5@b精装@dCNY1.25 | |
| 100 | @a19940309d1993 kemy0chiy0121 ea | |
| 101 | 0 | @achi |
| 102 | @aCN@b110000 | |
| 200 | 10 | @a古今事物考@AGU JIN SHI WU KAO@f(明)王三聘辑@F( MING ) WANG SAN PIN JI@g(明)胡文焕校 |
| 210 | @a北京@c团结出版社@d1993.11 | |
| 215 | @a2册(1094页)@d20厘米 | |
| 225 | 2 | @a辞书集成@f谷 风主编@v36~37 |
| 300 | @a据《格致丛书》本影印 | |
| 410 | 0 | @120010@a辞书集成 |
| 540 | 1 | @a古今 事物考@AGU JIN SHI WU KAO |
| 606 | @a百科全书@y中国@z明代 | |
| 606 | 0 | @a丛书 |
| 690 | @aH16-51@v三版 | |
| 690 | @aZ224@v三版 | |
| 690 | @aZ1@v4 | |
| 692 | @a41.25081 | |
| 701 | 0 | @a王三聘@AWANG SAN PIN@4辑 |
| 702 | 0 | @a胡文焕@AHU WEN HUAN@4校 |
| 801 | 0 | @aCN@bTSSF@c20150117 |
| 905 | @aZUCC@dZ1@eJY9 | |
| 古今事物考/(明)王三聘辑/(明)胡文焕校.-北京:团结出版社,1993.11 |
| 2册(1094页);20厘米.-(辞书集成/谷 风主编;36~37) |
| 据《格致丛书》本影印 |
| ISBN 7-80061-683-5(精装):CNY1.25 |
| ● |
| 相关链接 |
|
|
|
|
正题名:古今事物考
索取号:Z1/JY9
 
预约/预借
| 序号 | 登录号 | 条形码 | 馆藏地/架位号 | 状态 | 备注 |
| 1 | 7852658 | 278526588 | 学院路分馆/ [索取号:Z1/JY9] | 在馆 | |
| 2 | 7852659 | 278526597 | 学院路分馆/ [索取号:Z1/JY9] | 在馆 |